| 000 | 00659cam a22002411 4500 | ||
|---|---|---|---|
| 001 | 3535 | ||
| 003 | BD-RjUL | ||
| 005 | 20211208233740.0 | ||
| 008 | 131219s1955 xx 000 0 eng | ||
| 035 | _a(BD-RjUL)3569 | ||
| 035 | _a(OCoLC)710476 | ||
| 040 |
_aDLC _cOClU _dUk _dDLC _dBD-RjUL _beng |
||
| 041 | _aeng | ||
| 082 |
_a332.67082 _bCAC 1955 |
||
| 100 | 1 |
_aCalkins, Francis J., _ded. _911150 |
|
| 245 | 1 | 0 |
_aCases and problems in investments / _cby Francis J Calkins. |
| 260 |
_aNew York, _bPrentice-Hall, _cc1955. |
||
| 300 |
_a268 p. : _c22cm. |
||
| 650 | 0 |
_aInvestments. _911151 |
|
| 942 |
_2ddc _cBK |
||
| 999 |
_c3535 _d3535 |
||